Indias Priceless Heritage (Record no. 23623)

MARC details
000 -LEADER
fixed length control field 00411nam a2200169Ia 4500
008 - FIXED-LENGTH DATA ELEMENTS--GENERAL INFORMATION
fixed length control field 220531s9999 xx 000 0 und d
041 ## - LANGUAGE CODE
Language code of text/sound track or separate title eng
082 ## - DEWEY DECIMAL CLASSIFICATION NUMBER
Item number PAL
100 ## - MAIN ENTRY--PERSONAL NAME
Personal name Palkhiwala, N. A.
9 (RLIN) 39111
245 ## - TITLE STATEMENT
Title Indias Priceless Heritage
260 ## - PUBLICATION, DISTRIBUTION, ETC. (IMPRINT)
Name of publisher, distributor, etc. Bhartiy vidya bhaven
Date of publication, distribution, etc. 1995
300 ## - PHYSICAL DESCRIPTION
Extent 48
542 ## - INFORMATION RELATING TO COPYRIGHT STATUS
Copyright holder 30-06-1998
650 ## - SUBJECT ADDED ENTRY--TOPICAL TERM
Topical term or geographic name as entry element Genral
9 (RLIN) 39112
906 ## - LOCAL DATA ELEMENT F, LDF (RLIN)
d 1998-1999
Holdings
Withdrawn status Lost status Source of classification or shelving scheme Damaged status Not for loan Home library Current library Date acquired Vendor Cost, normal purchase price Total Checkouts Total Holds Full call number Barcode Date last seen Bill Date Koha item type Original Barcode
    Dewey Decimal Classification     Shri Siddhivinayak Mahila Mahavidyalaya Shri Siddhivinayak Mahila Mahavidyalaya 30/06/1998 Exhibition 10.00   1 /PAL/B/4607 SSMM-BK-4607 06/08/2022 06/08/2022 Books 010004607